00458nam a2200193 a 4500001001300000003000900013005001700022008004100039020001200080082001500092100001600107245002800123260002900151300000900180500003500189505001000224650001400234700001600248nice12345678IN_TiNIC20260116011251.0050524s1966 lona grp 000 0 eng  ac442.200a232.3bWAR aWarren, Max aInterpreting the Cross. aLondonbScm Press c1966 a126p aincludes index and biblioraphy2 aIndex aAtonement1 aWarren, Max